000 00982nam a22003017a 4500
003 CHAP
005 20220329134713.0
008 971013s1953 r 00010 d
010 _a24495
011 _a25467
035 _a29567
040 _cCHAP
082 _a578.15
_bH35
100 0 0 _aHall, Cecil E.
_952300
245 _aIntroduction to electron microscopy
260 _aNew York :
_bMcGraw-Hill,
_c1953
300 _a451 p.
_b: ilus.
590 _aBATCH-UPD
_b10
_c20130110
_lUCH01
_h2134
590 _aBATCH-UPD
_b10
_c20130410
_lUCH01
_h1443
590 _aBATCH-UPD
_b10
_c20130914
_lUCH01
_h1600
590 _aCONVERSION
_b10
_c20130109
_lUCH01
_h1314
650 1 4 _aMicroscopio electrónico.
_975535
901 _aBK
942 _cLIBRO
949 _a578.15 H35
_bBC
_cLIBRO
_d33724000424255
_eLIBRO
_fc.3
_h8677
_i29567
_si
949 _a578.15 H35
_bBC
_cLIBRO
_d33724000424263
_eLIBRO
_fc.2
_h8676
_i29567
_si
949 _a578.15 H35
_bBC
_cLIBRO
_d33724000424271
_eLIBRO
_h8675
_i29567
_si
999 _c24495
_d24495